Best Player From Each NBA Team (2012-2013) - Statistics

General Stats
  • This quiz has been taken 519 times
  • The average score is 17 of 30
Answer Stats
Team Player % Correct
Miami Heat LeBron James
98%
Houston Rockets James Harden
95%
Los Angeles Clippers Chris Paul
88%
Washington Wizards John Wall
87%
Golden State Warriors Stephen Curry
87%
Oklahoma City Thunder Kevin Durant
86%
Chicago Bulls Derrick Rose
85%
Dallas Mavericks Dirk Nowitzki
84%
New York Knicks Carmelo Anthony
83%
Cleveland Cavaliers Kyrie Irving
76%
San Antonio Spurs Tony Parker
75%
Los Angeles Lakers Dwight Howard
71%
Utah Jazz Al Jefferson
66%
Charlotte Bobcats Kemba Walker
63%
Boston Celtics Rajon Rondo
61%
Minnesota Timberwolves Kevin Love
60%
Toronto Raptors Kyle Lowry
59%
Sacremento Kings DeMarcus Cousins
58%
Brooklyn Nets Deron Williams
55%
Portland Trail Blazers Lamarcus Aldridge
54%
Atlanta Hawks Josh Smith
40%
Indiana Pacers Danny Granger
35%
Memphis Grizzlies Rudy Gay
30%
Denver Nuggets Andre Iguodala
28%
New Orleans Hornets Eric Gordon
25%
Milwaukee Bucks Monta Ellis
24%
Philadelphia 76ers Andrew Bynum
19%
Detroit Pistons Greg Monroe
19%
Orlando Magic Arron Afflalo
11%
Phoenix Suns Marcin Gortat
11%
No matching quizzes found
Score Distribution
Percent of People with Each Score
Percentile by Number Answered
Your Score History
You have not taken this quiz